MLB Top 5 NL MVP Voting 2000s - Statistics

General Stats
  • This quiz has been taken 79 times
  • The average score is 40 of 50
Answer Stats
Year Team Player % Correct
2001: 4 Cardinals Albert Pujols
100%
2002: 2 Cardinals Albert Pujols
100%
2003: 2 Cardinals Albert Pujols
100%
2004: 3 Cardinals Albert Pujols
100%
2005: 1 Cardinals Albert Pujols
100%
2006: 2 Cardinals Albert Pujols
100%
2008: 1 Cardinals Albert Pujols
100%
2009: 1 Cardinals Albert Pujols
100%
2000: 2 Giants Barry Bonds
100%
2001: 1 Giants Barry Bonds
100%
2002: 1 Giants Barry Bonds
100%
2003: 1 Giants Barry Bonds
100%
2004: 1 Giants Barry Bonds
100%
2001: 3 Diamondbacks Luis Gonzalez
95%
2006: 1 Phillies Ryan Howard
95%
2007: 5 Phillies Ryan Howard
95%
2008: 2 Phillies Ryan Howard
95%
2009: 3 Phillies Ryan Howard
95%
2004: 4 Cardinals Scott Rolen
95%
2005: 2 Braves Andruw Jones
93%
2000: 5 Rockies Todd Helton
92%
2001: 2 Cubs Sammy Sosa
90%
2007: 1 Phillies Jimmy Rollins
88%
2008: 3 Brewers Ryan Braun
87%
2002: 4 Expos Vladimir Guerrero
87%
2000: 1 Giants Jeff Kent
82%
2001: 5 Astros Lance Berkman
80%
2002: 3 Astros Lance Berkman
80%
2006: 3 Astros Lance Berkman
80%
2008: 5 Astros Lance Berkman
80%
2000: 3 Mets Mike Piazza
80%
2007: 3 Brewers Prince Fielder
80%
2009: 4 Brewers Prince Fielder
80%
2007: 4 Mets David Wright
77%
2009: 5 Rockies Troy Tulowitzki
73%
2005: 5 Marlins Miguel Cabrera
68%
2006: 5 Marlins Miguel Cabrera
68%
2006: 4 Mets Carlos Beltrán
62%
2005: 3 Cubs Derrek Lee
62%
2007: 2 Rockies Matt Holliday
58%
2009: 2 Marlins Hanley Ramírez
55%
2008: 4 Dodgers Manny Ramirez
55%
2000: 4 Cardinals Jim Edmonds
52%
2004: 5 Cardinals Jim Edmonds
52%
2003: 5 Braves Javy López
48%
2004: 2 Dodgers Adrian Beltré
45%
2003: 3 Braves Gary Sheffield
45%
2002: 5 Dodgers Shawn Green
42%
2003: 4 Phillies Jim Thome
35%
2005: 4 Astros Morgan Ensberg
18%
No matching quizzes found
Score Distribution
Percent of People with Each Score
Percentile by Number Answered
Your Score History
You have not taken this quiz